00555nam a22001937a 450000500170000001000130001702000220003003500130005203700160006504000120008108200170009324500730011026000390018327000620022230000190028465000150030365000210031870000220033920170124105942.0 aA-516490 c00.00a8170362555 aA-516490 bCen Lib/Ret aDPLbEN a338.954bBER aClass, state and development in india /cedited by Berch Berberoglu  aNew DelhibSage Publicationsc1992 aM 32 Greater Kailash Market I bNew Delhie110048 a329p.c22cmHb) aCapitalism aEconomic history aBerberoglu, Berch